| 000 | 00732nam a2200205 i 4500 | ||
|---|---|---|---|
| 001 | 139867 | ||
| 003 | ES-MaACL | ||
| 005 | 20230906195930.0 | ||
| 007 | t| | ||
| 008 | 070214s1929 fr |||| | fre d | ||
| 100 | 1 |
_aSchlick, Moritz. _9104420 |
|
| 245 | 1 | 0 |
_aEspace et temps dans la Physique contemporaine _b: introduction áa la Théorie de la Relativité et de la Gravitation / _cpar M. Schlick ; traduit sur la quatrième édition allemande par M. Solovine. |
| 260 |
_aParis : _bGauthier-Villars et Cie, _c1929. |
||
| 300 |
_a94 p. ; _c23 cm. |
||
| 650 | 0 | 4 |
_aRelatividad (Física) _916793 |
| 650 | 0 | 4 |
_aGravitación. _913159 |
| 700 | 1 |
_aSolovine, Maurice. _9203958 |
|
| 852 |
_aES-MaACL _j1778-F-25 |
||
| 999 |
_c139867 _d139867 |
||